Les éléments chimiques par symbole - Statistiques

Statistiques générales
  • Ce quiz a été pris 95 fois
  • Le résultat moyen est 55 sur 118
Statistiques - réponses
Hint Réponse % Correct
Al Aluminium
91%
Ag Argent
89%
H Hydrogène
85%
Ca Calcium
83%
C Carbone
83%
Fe Fer
83%
He Hélium
83%
O Oxygène
83%
Ar Argon
80%
Na Sodium
80%
Mg Magnésium
78%
Au Or
78%
K Potassium
78%
N Azote
76%
Cl Chlore
76%
F Fluor
76%
Li Lithium
76%
I Iode
74%
U Uranium
74%
B Bore
72%
Ga Gallium
72%
Ra Radium
72%
Cu Cuivre
70%
Si Silicium
70%
S Souffre
70%
Kr Krypton
67%
Xe Xénon
67%
Br Brome
65%
Mn Manganèse
65%
Ne Néon
65%
Fr Francium
63%
Pb Plomb
63%
Ti Titane
63%
Zn Zinc
63%
As Arsenic
61%
Be Béryllium
61%
Hg Mercure
61%
P Phosphore
61%
Ba Baryum
59%
Cs Césium
59%
Co Cobalt
57%
Ni Nickel
57%
Cr Chrome
54%
Ge Germanium
54%
Bi Bismuth
52%
Ir Iridium
52%
Pd Palladium
52%
In Indium
50%
Os Osmium
50%
Po Polonium
50%
Cd Cadmium
48%
Eu Europium
46%
Se Sélénium
46%
Es Einsteinium
43%
W Tungstène
43%
Zr Zirconium
43%
Ac Actinium
41%
Sn Étain
41%
Pt Platine
41%
Am Américium
39%
Er Erbium
39%
La Lanthane
39%
Sc Scandium
39%
At Astate
37%
Rb Rubidium
37%
Cm Curium
35%
Lr Lawrencium
35%
Md Mendélévium
35%
Mo Molybdène
35%
Rn Radon
35%
Rf Rutherfordium
35%
Ta Tantale
35%
Th Thorium
35%
Y Yttrium
35%
Bk Berkélium
33%
Ce Cérium
33%
Db Dubnium
33%
Hs Hassium
33%
Te Tellure
33%
V Vanadium
33%
Sb Antimoine
30%
Bh Bohrium
30%
Fm Fermium
30%
Hf Hafnium
30%
Np Neptunium
30%
Pu Plutonium
30%
Rh Rhodium
30%
Sr Strontium
30%
Tc Technétium
30%
Cf Californium
28%
Ds Darmstadtium
28%
Nb Niobium
28%
Pm Prométhium
28%
Dy Dysprosium
26%
Fl Flérovium
26%
Gd Gadolinium
26%
Lv Livermorium
26%
Lu Lutécium
26%
Nh Nihonium
26%
Og Oganesson
26%
Tl Thallium
26%
Yb Ytterbium
26%
Ho Holmium
24%
Mt Meitnerium
24%
No Nobélium
24%
Pr Praséodyme
24%
Re Rhénium
24%
Rg Roentgenium
24%
Sm Samarium
24%
Sg Seaborgium
24%
Mc Moscovium
22%
Nd Néodyme
22%
Ru Ruthénium
22%
Ts Tennesse
22%
Tb Terbium
22%
Tm Thulium
22%
Cn Copernicium
20%
Pa Protactinium
20%
Aucun quiz correspondant
Distribution des résultats
% des personnes avec chaque résultat
Percentile par nombre de réponses
Votre historique - résultats
Vous n’avez pas pris ce quiz